| Tag |
First Indicator |
Second Indicator |
Subfields |
| LEADER |
00000cam a22000008a 4500 |
| 001 |
in00000084927 |
| 005 |
20151008054424.0 |
| 008 |
801021s1981 nyu b 00110 engm |
| 010 |
|
|
|a 80026137
|
| 020 |
|
|
|a 089102171X :
|c $18.95
|
| 035 |
|
|
|a (OCoLC)06916817
|
| 035 |
|
|
|9 AAJ0611AM
|
| 040 |
|
|
|a DLC
|c DLC
|d m.c.
|d TXA
|d UtOrBLW
|
| 049 |
|
|
|a TXAM
|c [1387295]
|
| 050 |
0 |
0 |
|a PS2033
|b .A69
|
| 082 |
0 |
|
|a 813/.4
|a B
|2 19
|
| 100 |
1 |
|
|a Alexander, William,
|d 1938-
|
| 245 |
1 |
0 |
|a William Dean Howells, the realist as humanist /
|c by William Alexander.
|
| 263 |
|
|
|a 8109
|
| 264 |
|
1 |
|a New York, N.Y. :
|b B. Franklin,
|c [1981]
|
| 264 |
|
4 |
|c ©1981
|
| 300 |
|
|
|a xiii, 208 pages ;
|c 24 cm.
|
| 336 |
|
|
|a text
|b txt
|2 rdacontent
|
| 337 |
|
|
|a unmediated
|b n
|2 rdamedia
|
| 338 |
|
|
|a volume
|b nc
|2 rdacarrier
|
| 490 |
1 |
|
|a American cultural heritage series ;
|v 8
|
| 500 |
|
|
|a Includes index.
|
| 504 |
|
|
|a Bibliography: pages [193]-201.
|
| 600 |
1 |
0 |
|a Howells, William Dean,
|d 1837-1920.
|
| 650 |
|
0 |
|a Novelists, American
|y 19th century
|v Biography.
|
| 830 |
|
0 |
|a American cultural heritage series ;
|v 8.
|
| 999 |
|
|
|a MARS
|
| 999 |
f |
f |
|s 9f9364b8-40fb-34b0-ba5c-f186a8d1b277
|i b7409cb3-c791-3452-aedb-64176a70fa43
|t 0
|
| 952 |
f |
f |
|p ric
|a Texas A&M University
|b Rellis Campus
|c Joint Library Facility
|d Remote Storage
|t 0
|e PS2033 .A69
|h Library of Congress classification
|i unmediated -- volume
|m A14806189728
|
| 998 |
f |
f |
|a PS2033 .A69
|t 0
|l Remote Storage
|